Katalóg softvérových znalostí s modelovaním variability

Saved in:
Bibliographic Details
Main Author: Nágl, Martin, 1983- (Author)
Other Authors: Filkorn, Roman, 1977- (Thesis advisor)
Format: Manuscript Book
Language:Slovak
Published: STU v Bratislave FIIT, 2008
Subjects:
Tags: Add Tag
No Tags, Be the first to tag this record!

MARC

LEADER 00000ntm a22000003a 4500
001 stu166409
005 20180706124151.8
008 080704s2008----xo------------------slo-d
040 |a STU  |b slo 
041 0 |a slo 
044 |a xo 
100 1 |a Nágl, Martin,  |d 1983-  |4 aut  |X 30715  |7 A000030715 
245 1 |a Katalóg softvérových znalostí s modelovaním variability 
260 |b STU v Bratislave FIIT,  |c 2008 
300 |a 65 s  |c príl. 
650 7 |a softvérové inžinierstvo  |2 stusub 
700 1 |a Filkorn, Roman,  |d 1977-  |4 ths  |u I200  |U FIIT Fakulta informatiky a informačných technológií  |T FIIT Ústav informatiky a softvérového inžinierstva  |X 2493  |U I200  |Y 179  |7 A000002493 
996 |b IDP47/08  |c I*DP47/08  |l II680  |s A  |a 24  |w stu166409_0001